|
|
|
|
| LEADER |
00000nam a2200000 4500 |
| 001 |
vtls008863713 |
| 003 |
SK-MaSNL |
| 005 |
20260425232424.0 |
| 008 |
251112s1573 sz f 01100 lat |
| 015 |
|
|
|a SNBHFA
|
| 035 |
|
|
|a cpl000124484
|
| 040 |
|
|
|a SNKHF
|b slo
|c SNK
|e rda
|
| 041 |
1 |
|
|a lat
|h grc
|
| 044 |
|
|
|a sz
|c CH
|
| 072 |
|
7 |
|a 101
|x Filozofia
|2 konspekt
|
| 080 |
|
|
|a 13
|2 2011
|
| 080 |
|
|
|a 17
|2 2011
|
| 080 |
|
|
|a 16
|2 2011
|
| 100 |
0 |
|
|4 aut
|a Plutarchos,
|d asi 50-asi 120
|9 163507
|
| 245 |
1 |
0 |
|a Plvtarchi Chaeronei Ethica, Sive Moralia
|b Opera quae extant, omnia: Interprete Herrnanno Cruserio I.C. Atqe Illustrissimi Ducis Cliuensis et Iuliacensis Consiliario. Accesserunt Rerum & verborum fidelissimi Indices
|
| 246 |
3 |
0 |
|a Chaeronei Ethica
|
| 264 |
|
3 |
|a Basileae
|b Apvd Thomam Gvarinvm Salvtis Hvmanae
|c MDLXXIII (1573)
|
| 300 |
|
|
|a 6 nečíslovaných listov, 839 strán, 49 nečíslovaných strán
|c 2°
|c 34 × 22 cm
|
| 336 |
|
|
|a text
|b txt
|2 rdacontent
|
| 337 |
|
|
|a bez média
|b n
|2 rdamedia
|
| 338 |
|
|
|a zväzok
|b nc
|2 rdacarrier
|
| 500 |
|
|
|a Signet, iniciálky s ornamentálnym a figurálnym pozadím v rámčeku na 5, 7 a 10 riadkov, vo voľnom priestore na 6 riadkov
|
| 504 |
|
|
|a Marginálie, kustody
|
| 508 |
|
|
|a Dedikácia: Cruser, Hermann; Julius von Braunschweig-Wolfenbüttel - brunšvicko-lüneburské knieža
|
| 510 |
4 |
|
|a VD 16
|c P/3683
|
| 546 |
|
|
|a Latinčina
|b Antikva
|b Kurzíva
|
| 561 |
|
|
|a Proveniencia: Okrúhla pečiatka Museálna Slovenská Spoločnosť.
|5 SNK IB 28086
|
| 563 |
|
|
|a Väzba: svetlohnedá pórovitá koža so šnúrkami, plne reštaurovaná.
|5 SNK IB 28086
|
| 650 |
0 |
7 |
|a filozofia
|2 SNKPH
|9 793
|
| 650 |
0 |
7 |
|a antická literatúra
|2 SNKPH
|9 92203
|
| 650 |
0 |
7 |
|a etika
|2 SNKPH
|9 792
|
| 700 |
0 |
|
|a Julius von Braunschweig-Wolfenbüttel,
|c brunšivcko-lüneburské knieža,
|d 1528-1589
|4 hnr
|9 128529
|
| 700 |
1 |
|
|a Holzmann, Wilhelm,
|d 1532-1576
|9 53800
|
| 700 |
1 |
|
|a Cruser, Hermann,
|d 1510-1573
|4 dto
|4 trl
|9 127214
|
| 700 |
1 |
|
|a Guarin, Thomas,
|d 1529-1592
|4 prt
|9 52224
|
| 710 |
2 |
|
|a Muzeálna slovenská spoločnosť (Martin, Slovensko)
|4 fmo
|9 33033
|
| 710 |
0 |
|
|a Guarin, Thomas (Bazilej, Švajčiarsko),
|d 1557-1592
|4 prt
|9 53062
|
| 752 |
|
|
|a Švajčiarsko
|d Bazilej
|
| 852 |
|
|
|a snk
|p IB 28086
|
| 958 |
|
|
|a DA
|
| 958 |
|
|
|a ONDV
|
| 999 |
|
|
|c 739160
|d 741090
|
| 952 |
|
|
|t Tlače 16. storočia
|a SNK
|b SNK
|c SNK_HF
|y PREZ
|7 0
|p 17A1399756
|o snkIB 28086
|i snkF 10/73
|0 0
|1 0
|4 0
|d 2022-08-11
|l 0
|r 2026-02-23 22:54:28
|w 2026-02-23
|